Представление документа в формате MARC21

Поле Инд. ПП Название Значение
Тип записи a
Библиографический уровень a
001 Контрольный номер fa8dc270a20b4580a7c9a17f8749bead
005 Дата корректировки 20241212100307.3
020 a ISBN 978-5-7995-1373-3
041 0_ a Код языка текста rus
080 a Индекс УДК 691.3
097 b Оператор *Плё*
100 1_ a Автор Шусев Г.А.
245 10 a Заглавие Возможности использования каолина, доломитового порошка, микрокремнезема, переработанного гранулированного доменного шлака при производстве бетона для конструкции тоннелей
b Продолж. заглавия статья
p Название части/ раздела - Текст : электронный
260 a Место издания Тверь
b Издательство ТвГТУ
520 0_ a Аннотация В статье проанализированы положительные эффекты, возникающие при использовании в производстве бетона таких веществ, как каолин, доломитовый порошок, микрокремнезем, переработанный гранулированный доменный шлак, с точки зрения 122 улучшения физико-механических параметров бетона, повышения стойкости к коррозии, снижения негативных экологических последствий для конструкций тоннелей.
653 0_ a Ключевые слова Коррозионностойкие замещающие добавки
a Ключевые слова Микрокремнезем
a Ключевые слова Переработанный гранулированный доменный шлак
a Ключевые слова Каолин
a Ключевые слова Доломитовый порошок
700 12 a Другие авторы Ткач Е.В.
773 18 w Контрольный № источника b5f2281a861a4b79b61d0f71db93efb4
t Название источника Инновации и моделирование в строительном материаловедении и строительстве
d Место и дата издания Тверь : ТвГТУ, 2024
g Прочая информация С. 121-128
900 a Имя макрообъекта 001-000164449-000000000-0000-0000-01
901 t Тип документа a
950 a Редактор записи ст
951 i EL-ТГТУ? да